| 000 | 00371nam a22001337a 4500 | ||
|---|---|---|---|
| 020 | _a9781466618398 | ||
| 082 |
_a621.3810286 _bHU/SU |
||
| 100 |
_aHu,Wen-Chen _9740 |
||
| 100 |
_aKaabouch,Naima _9741 |
||
| 245 | _aSustainable ICTs and Management systems for Green Computing | ||
| 260 |
_aHershey _bInformation Science Reference (IGI) _c2012 |
||
| 300 | _a467 | ||
| 942 | _cBK | ||
| 999 |
_c14447 _d14447 |
||